000 00438nam a2200181Ia 4500
001 2966
005 20260306144846.0
008 260306t1993||||xx |||||||||||||| ||spa||
041 _aESP
082 _a236.8
_bC76
100 _aConcilium Legionis Mariae
_eAUT
245 0 _aManual oficial de la Legión de María
260 _c1993
300 _a396 páginas :
_c20 cm.
650 _aGEN
654 _aCHU
942 _cLIB
_dJUS
_fJUS
_2ddc
_n
999 _c2966
_d2966